Estatísticas para 10 Maiores Países Europeus

Clique aqui para jogar o quiz

Estatísticas Gerais

  • Esse quiz foi jogado 445 vezes
  • A pontuação média é 9 de 10

Estatísticas das Respostas

km2país% Correto
3 960 000Rússia
99%
357 168Alemanha
98%
551 500França
97%
505 992Espanha
96%
301 336Itália
93%
450 295Suécia
93%
312 685Polônia
92%
603 500Ucrânia
92%
385 203Noruega
90%
338 145Finlândia
89%

Distribuição das Pontuações

Percentil de Números Respondidos

Porcentagem de Pessoas com Cada Pontuação

Sua Pontuação Histórica

Você não jogou esse quiz